| 000 | 00370nam a2200157Ia 4500 | ||
|---|---|---|---|
| 008 | 230312s9999||||xx |||||||||||||| ||und|| | ||
| 020 | _a0-323-06944-1 | ||
| 082 |
_a612.76 _bMUS-K |
||
| 100 | _aMuscolino;Joseph.E | ||
| 245 | 0 | _aKinesiology | |
| 260 |
_bElsevier _aChina _c2011 |
||
| 300 | _a690 | ||
| 546 | _aEng. | ||
| 650 |
_aPhysiotherapy _vKinesiology |
||
| 942 | _cBK | ||
| 999 |
_c9729 _d9729 |
||